Capitales d'Afrique - Statistiques

Statistiques générales
  • Ce quiz a été pris 267 fois
  • Le résultat moyen est 31 sur 54
Statistiques - réponses
Pays Capitale % Correct
Algérie Alger
99%
Égypte Le Caire
85%
Afrique du Sud Pretoria
84%
Maroc Rabat
82%
Tunisie Tunis
79%
Sénégal Dakar
78%
Djibouti Djibouti
77%
Burkina Faso Ouagadougou
76%
République démocratique du Congo Kinshasa
74%
République du Congo Brazzaville
73%
Mali Bamako
72%
Kenya Nairobi
72%
Cameroun Yaoundé
72%
Gabon Libreville
71%
Éthiopie Addis-Abeba
70%
Libye Tripoli
69%
Guinée-Bissau Bissau
68%
Angola Luanda
68%
Madagascar Tananarive
68%
Côte d'Ivoire Yamoussoukro
67%
Sierra Leone Freetown
61%
Ghana Accra
60%
Togo Lomé
59%
Guinée Conakry
58%
Sao-Tomé-et-Principe Sao Tomé
58%
Soudan Khartoum
56%
Nigeria Abuja
52%
Niger Niamey
52%
Bénin Porto-Novo
52%
Botswana Gaborone
51%
Somalie Mogadiscio
51%
Cap-Vert Praia
51%
Rwanda Kigali
50%
Tchad N'Djamena
49%
Seychelles Victoria
49%
Mauritanie Nouakchott
48%
Maurice (île) Port-Louis
48%
Namibie Windhoek
48%
Érythrée Asmara
47%
Comores Moroni
45%
République centrafricaine Bangui
43%
Zimbabwe Harare
43%
Mozambique Maputo
42%
Ouganda Kampala
41%
Eswatini Mbabane
41%
Gambie Banjul
40%
Tanzanie Dodoma
39%
Liberia Monrovia
39%
Lesotho Maseru
38%
Zambie Lusaka
36%
Malawi Lilongwé
34%
Soudan du Sud Djouba
33%
Guinée équatoriale Malabo
32%
Burundi Bujumbura
16%
Aucun quiz correspondant
Distribution des résultats
% des personnes avec chaque résultat
Percentile par nombre de réponses
Votre historique - résultats
Vous n’avez pas pris ce quiz